000
00329nam a22001457a 4500
003
ASAB
005
20180827062604.0
008
151231t xxu||||| |||| 00| 0 eng d
020
_a
978-969-8893-02-6
040
_c
ASAB
100
_a
S. khalid mahmood
_9
1418
245
_a
mission caribean
300
_a
122
942
_2
ddc
_c
BK
999
_c
479925
_d
479925